000 00224 a2200097 4500
001 6424
100 _akondratyev, V
245 _aStructure of Atoms and Molecules, The
260 _a
_bMir Publishers
_c
090 _c5284
_d5284
942 _aNUST-CAE
_cM
_c31694
999 _c241497
_d241497